[Event "4NCL 2011-12"]
[Site "Sunningdale ENG"]
[Date "2012.02.11"]
[Round "5.26"]
[White "Duncan, Chris R"]
[Black "Bellin, Jana M"]
[Result "1-0"]
[WhiteTitle "FM"]
[BlackTitle "WGM"]
[WhiteElo "2315"]
[BlackElo "2133"]
[WhiteTeam "Blackthorne Russia"]
[BlackTeam "The AD's"]
[WhiteFideId "403091"]
[BlackFideId "402168"]
[EventDate "2011.11.12"]

1. Nf3 Nf6 2. c4 b6 3. g3 Bb7 4. Bg2 c5 5. O-O e6 6. Nc3 Be7 7. Re1 d6 8. e4 a6
9. b3 Nbd7 10. d4 cxd4 11. Qxd4 O-O 12. Bb2 Qc7 13. Rad1 Rfd8 14. h3 Rac8 15.
Nh2 Bf8 16. Kh1 Bc6 17. Ba3 Nc5 18. b4 Na4 19. Rc1 Nxc3 20. Rxc3 Ba8 21. Rcc1
Qb7 22. Ng4 Nxg4 23. hxg4 b5 24. cxb5 axb5 25. Bb2 Rxc1 26. Rxc1 Rc8 27. Rxc8
Qxc8 28. Qc3 Qa6 29. a3 d5 30. exd5 Bxd5 31. Bxd5 exd5 32. Kg2 Qe6 33. Qd4 f6
34. Kf3 Bd6 35. Qd3 Kf7 36. Qxh7 d4 37. Bxd4 Qb3+ 38. Be3 Qxa3 39. g5 fxg5 40.
Qf5+ Ke7 41. Qxg5+ Ke6 42. Qg6+ Kd7 43. Qxg7+ Kc6 44. g4 Qxb4 45. g5 Qb1 46.
Qc3+ Kd7 47. Qd4 Qh1+ 48. Ke2 Qh5+ 49. Kd2 Qf7 50. Qd3 Qa2+ 51. Ke1 Qa1+ 52. Ke2
Qa2+ 53. Kf3 Qf7+ 54. Kg2 Qc4 55. Qf5+ Ke8 56. g6 b4 57. g7 Qg8 58. Bd4 1-0

[Event "4NCL 2011-12"]
[Site "Sunningdale ENG"]
[Date "2012.02.11"]
[Round "5.31"]
[White "Zhou, Yang-Fan"]
[Black "Cobb, James"]
[Result "0-1"]
[WhiteTitle "IM"]
[BlackTitle "IM"]
[WhiteElo "2436"]
[BlackElo "2411"]
[WhiteTeam "Guildford"]
[BlackTeam "Bristol"]
[WhiteFideId "468584"]
[BlackFideId "1800949"]
[EventDate "2011.11.12"]

1. e4 e5 2. Nf3 Nc6 3. d4 exd4 4. Nxd4 Bc5 5. Be3 Qf6 6. c3 Nge7 7. Bc4 b6 8.
O-O Bb7 9. f4 O-O-O 10. Qd2 d5 11. e5 Qh4 12. Bd3 g6 13. b4 Bxd4 14. Bxd4 Nf5
15. Bxf5+ gxf5 16. Qf2 Qg4 17. a4 Rhg8 18. Na3 a5 19. Nc2 Rg6 20. Ne3 Qh5 21.
Rfb1 axb4 22. a5 Nxa5 23. cxb4 Nc4 24. Nf1 Rdg8 25. Ng3 Qg4 26. Ra7 h5 27. Qc2
Qxf4 28. Qxf5+ Qxf5 29. Nxf5 Rxg2+ 30. Kh1 Kb8 31. Rba1 Rd2 32. R7a2 Rg5 33.
Rxd2 Nxd2 34. Ng3 Nb3 35. Rd1 h4 36. Be3 Rg4 37. Nf1 d4# 0-1

[Event "4NCL 2011-12"]
[Site "Sunningdale ENG"]
[Date "2012.02.11"]
[Round "5.32"]
[White "Beaumont, Chris R"]
[Black "Smerdon, David"]
[Result "0-1"]
[WhiteTitle "IM"]
[BlackTitle "GM"]
[WhiteElo "2279"]
[BlackElo "2513"]
[WhiteTeam "Bristol"]
[BlackTeam "Guildford 1"]
[WhiteFideId "400424"]
[BlackFideId "3202305"]
[EventDate "2011.11.12"]

1. c4 e6 2. g3 f5 3. Bg2 Nf6 4. Nf3 d5 5. O-O c6 6. d3 dxc4 7. dxc4 Qxd1 8. Rxd1
Bc5 9. Nc3 Nbd7 10. Bh3 h6 11. b3 g5 12. Nd4 Nf8 13. Bg2 Kf7 14. Bb2 Ng6 15. Na4
Be7 16. Nf3 Re8 17. Rd3 g4 18. Ne5+ Nxe5 19. Bxe5 Nd7 20. Bf4 h5 21. Rad1 e5 22.
Bc1 e4 23. Rxd7 Bxd7 24. Rxd7 Rad8 25. Rxd8 Rxd8 26. Be3 b5 27. cxb5 cxb5 28.
Nc3 a6 29. Bb6 Rd2 30. Ba5 Bf6 31. a4 Rc2 32. Nd5 bxa4 33. bxa4 Rc5 34. Nxf6
Rxa5 35. Nxh5 Rxa4 36. h3 a5 37. hxg4 Rc4 38. e3 a4 39. Bf1 Rc1 40. Nf4 a3 41.
Ne2 Rxf1+ 42. Kxf1 a2 43. gxf5 a1=Q+ 44. Kg2 Kf6 45. Nd4 Qd1 46. Ne6 Kxf5 47.
Nf4 Ke5 48. Ng6+ Kd5 49. Nf4+ Kc4 50. Ne6 Kd3 51. Nf4+ Kd2 52. Nh3 Qf3+ 0-1

[Event "4NCL 2011-12"]
[Site "Sunningdale ENG"]
[Date "2012.02.11"]
[Round "5.33"]
[White "Conquest, Stuart C"]
[Black "Buckley, David E"]
[Result "1-0"]
[WhiteTitle "GM"]
[WhiteElo "2521"]
[BlackElo "2245"]
[WhiteTeam "Guildford 1"]
[BlackTeam "Bristol"]
[WhiteFideId "400181"]
[BlackFideId "407437"]
[EventDate "2011.11.12"]

1. e4 e6 2. d3 d5 3. Qe2 Nc6 4. Nf3 e5 5. c3 Be7 6. g3 Nf6 7. Bg2 dxe4 8. dxe4
a5 9. O-O O-O 10. Rd1 Bd6 11. Na3 b6 12. Nh4 Ba6 13. Qf3 Ne7 14. Bg5 Nd7 15. Qg4
f6 16. Bh6 Rf7 17. Nf5 Ng6 18. h4 Qf8 19. h5 Nh8 20. Bxg7 Rxg7 21. Nh6# 1-0

[Event "4NCL 2011-12"]
[Site "Sunningdale ENG"]
[Date "2012.02.11"]
[Round "5.34"]
[White "Rudd, Jack"]
[Black "Kosten, Anthony C."]
[Result "1-0"]
[WhiteTitle "IM"]
[BlackTitle "GM"]
[WhiteElo "2290"]
[BlackElo "2498"]
[WhiteTeam "Bristol"]
[BlackTeam "Guildford 1"]
[WhiteFideId "405736"]
[BlackFideId "400114"]
[EventDate "2011.11.12"]

1. e4 e5 2. Nf3 Nc6 3. Bc4 Nf6 4. Ng5 d5 5. exd5 Na5 6. Bb5+ Bd7 7. Qe2 Be7 8.
Nc3 Bxb5 9. Qxb5+ c6 10. dxc6 Nxc6 11. Qxb7 Nd4 12. O-O O-O 13. Nf3 Rb8 14. Qxa7
Nxf3+ 15. gxf3 Rb6 16. d3 Nd7 17. Be3 Bc5 18. Bxc5 Rg6+ 19. Kh1 Qf6 20. f4 Qc6+
21. Ne4 Ra8 22. f5 Rxa7 23. Bxa7 Rf6 24. f3 Rxf5 25. c4 Rh5 26. Bg1 f5 27. Ng3
Rg5 28. b4 Qh6 29. Ne2 Qd6 30. c5 Qxd3 31. Ng3 Qb5 32. a4 Qxb4 33. c6 Nf8 34. c7
Qb7 35. Rac1 Qc8 36. a5 f4 37. Ne4 Rg6 38. Rf2 h6 39. Rg2 Re6 40. Rd2 Re8 41.
Nd6 Qd7 42. Nxe8 Qxd2 43. c8=Q 1-0

[Event "4NCL 2011-12"]
[Site "Sunningdale ENG"]
[Date "2012.02.11"]
[Round "5.35"]
[White "Plaskett, H James"]
[Black "Curtis, John E"]
[Result "1-0"]
[WhiteTitle "GM"]
[WhiteElo "2480"]
[BlackElo "2116"]
[WhiteTeam "Guildford 1"]
[BlackTeam "Bristol"]
[WhiteFideId "400238"]
[BlackFideId "411892"]
[EventDate "2011.11.12"]

1. e4 d6 2. Nc3 c6 3. f4 d5 4. Nf3 Bg4 5. h3 Bxf3 6. Qxf3 e6 7. d4 dxe4 8. Nxe4
Qxd4 9. Bd3 Nd7 10. Be3 Qd5 11. O-O Ngf6 12. Rad1 Nc5 13. c4 Qxd3 14. Nxf6+ gxf6
15. Rxd3 Nxd3 16. Bd4 Bc5 17. Qe3 Bxd4 18. Qxd4 Rd8 19. Qxf6 Rg8 20. f5 1-0

[Event "4NCL 2011-12"]
[Site "Sunningdale ENG"]
[Date "2012.02.11"]
[Round "5.37"]
[White "Flear, Glenn C"]
[Black "Collier, David O"]
[Result "1-0"]
[WhiteTitle "GM"]
[WhiteElo "2472"]
[BlackElo "2138"]
[WhiteTeam "Guildford"]
[BlackTeam "Bristol"]
[WhiteFideId "400165"]
[BlackFideId "406422"]
[EventDate "2011.11.12"]

1. d4 Nf6 2. c4 e6 3. Nc3 Bb4 4. Qc2 c5 5. dxc5 Na6 6. a3 Qa5 7. Bd2 Nxc5 8. Rc1
Bxc3 9. Bxc3 Qa4 10. b4 Qxc2 11. Rxc2 Na4 12. Bd4 b6 13. e3 Bb7 14. Nf3 Ke7 15.
Nd2 Rhc8 16. Bd3 d6 17. f4 Nd7 18. Nf3 g6 19. e4 b5 20. cxb5 Rxc2 21. Bxc2 Nab6
22. O-O f6 23. Bd3 Rc8 24. e5 Bd5 25. a4 Bc4 26. Rd1 fxe5 27. fxe5 dxe5 28. Bxb6
Bxd3 29. Bxa7 1-0

[Event "4NCL 2011-12"]
[Site "Sunningdale ENG"]
[Date "2012.02.11"]
[Round "5.38"]
[White "Roberts, Lynda"]
[Black "Ciuksyte, Dagne"]
[Result "0-1"]
[BlackTitle "IM"]
[WhiteElo "1960"]
[BlackElo "2327"]
[WhiteTeam "Bristol"]
[BlackTeam "Guildford 1"]
[WhiteFideId "1800191"]
[BlackFideId "12800619"]
[EventDate "2011.11.12"]

1. e4 c5 2. Nc3 e6 3. g3 Nc6 4. Bg2 g6 5. d3 Bg7 6. Be3 Nd4 7. Qd2 Ne7 8. Nd1 b6
9. c3 Ndc6 10. f4 d5 11. e5 O-O 12. Nf3 f6 13. d4 fxe5 14. dxe5 Ba6 15. Ng5 Qd7
16. Bf1 Bxf1 17. Rxf1 Rad8 18. Bg1 h6 19. Nf3 d4 20. c4 Nb4 21. b3 Qc7 22. Kf2
g5 23. a3 Nbc6 24. Ke1 gxf4 25. gxf4 Ng6 26. Bf2 Nxf4 27. Bg3 Nxe5 28. Nxe5
Qxe5+ 0-1

[Event "4NCL 2011-12"]
[Site "Sunningdale ENG"]
[Date "2012.02.11"]
[Round "5.41"]
[White "Talsma, Paul"]
[Black "Slavin, Alexei"]
[Result "1/2-1/2"]
[BlackTitle "IM"]
[WhiteElo "2246"]
[BlackElo "2400"]
[WhiteTeam "Anglian Avengers"]
[BlackTeam "e2e4.org.uk"]
[WhiteFideId "1018779"]
[BlackFideId "24104388"]
[EventDate "2011.11.12"]

1. d4 Nf6 2. c4 e6 3. Nc3 Bb4 4. a3 Bxc3+ 5. bxc3 b6 6. e3 O-O 7. Ne2 d5 8. cxd5
exd5 9. Ng3 Bg4 10. f3 Be6 11. Bd3 c5 12. O-O Nc6 13. Ra2 Ne8 14. Re2 Nd6 15.
Bb2 f5 16. h3 Qh4 17. Nh1 Rae8 18. g3 Qh5 19. Rg2 Na5 20. Nf2 Nac4 21. Bc1 cxd4
22. cxd4 b5 23. g4 Qh4 24. Re1 a5 25. Bf1 b4 26. axb4 axb4 27. Nd3 b3 28. Nf4
fxg4 29. hxg4 b2 30. Bxb2 Nxb2 31. Rxb2 Bxg4 32. Rf2 Bd7 33. Bg2 Rf5 34. Ree2
Bb5 35. Re1 Qe7 36. Nd3 Bxd3 37. Qxd3 1/2-1/2

[Event "4NCL 2011-12"]
[Site "Sunningdale ENG"]
[Date "2012.02.11"]
[Round "5.42"]
[White "Kilpatrick, Callum"]
[Black "Spence, David J"]
[Result "1/2-1/2"]
[WhiteElo "2315"]
[BlackElo "2211"]
[WhiteTeam "e2e4.org.uk"]
[BlackTeam "Anglian Avengers"]
[WhiteFideId "414425"]
[BlackFideId "407429"]
[EventDate "2011.11.12"]

1. e4 e6 2. d4 d5 3. Nc3 Bb4 4. e5 c5 5. Qg4 Ne7 6. dxc5 Nbc6 7. Bd2 O-O 8.
O-O-O f5 9. exf6 Rxf6 10. Bd3 Bxc3 11. Bxc3 e5 12. Qe2 Qc7 13. Re1 e4 14. Bxf6
gxf6 15. Bxe4 Qf4+ 16. Qe3 Qxe3+ 17. Rxe3 dxe4 18. Rxe4 Bf5 19. Re3 Kf7 20. Nf3
Rg8 21. Nh4 Bc8 22. f4 Nd4 23. Re4 Ndf5 24. Rhe1 Nc6 25. Nxf5 Bxf5 26. R4e2 Rc8
27. c3 a5 28. b3 Rc7 29. a3 Ne7 30. g3 Bg4 31. Re4 Bf5 32. R4e2 Bg4 33. Re3 Nd5
34. Rd3 Rxc5 35. c4 Ne7 36. Kd2 a4 37. Rc1 axb3 38. Rxb3 Bc8 39. Rb5 Rc7 1/2-1/2

[Event "4NCL 2011-12"]
[Site "Sunningdale ENG"]
[Date "2012.02.11"]
[Round "5.43"]
[White "Player, Edmund C"]
[Black "Longson, Alexander"]
[Result "1/2-1/2"]
[WhiteElo "2199"]
[BlackElo "2281"]
[WhiteTeam "Anglian Avengers"]
[BlackTeam "e2e4.org.uk"]
[WhiteFideId "406520"]
[BlackFideId "408093"]
[EventDate "2011.11.12"]

1. e4 e5 2. Nc3 Nf6 3. Nf3 Nc6 4. g3 d5 5. exd5 Nxd5 6. Bg2 Nxc3 7. bxc3 Bc5 8.
O-O O-O 9. d3 Bg4 10. h3 Bh5 11. Qe1 Re8 12. Qe4 Bb6 13. Nh4 Rb8 14. Qf5 Bg6 15.
Nxg6 hxg6 16. Qg4 Ne7 17. h4 Nd5 18. Bb2 c6 19. Rae1 Qd6 20. Re2 f5 21. Qg5 Bd8
22. Qc1 Nf6 23. Rfe1 Bb6 24. c4 Bd4 25. Ba3 Qc7 26. c3 Bb6 27. Qg5 Kf7 28. Bh3
Rbd8 29. h5 Nxh5 30. Bxf5 gxf5 31. Qxh5+ g6 32. Qh7+ Kf6 33. Qxc7 Bxc7 34. d4
Re6 35. Rb1 b6 36. Bb2 c5 37. d5 Re7 38. Rd1 g5 39. Kg2 g4 40. Rh1 Rg8 41. Bc1
Ree8 42. Rh6+ Rg6 43. Rh5 Rf8 1/2-1/2

[Event "4NCL 2011-12"]
[Site "Sunningdale ENG"]
[Date "2012.02.11"]
[Round "5.44"]
[White "Jackson, James P"]
[Black "Merry, Alan B"]
[Result "0-1"]
[WhiteElo "2121"]
[BlackElo "2100"]
[WhiteTeam "e2e4.org.uk"]
[BlackTeam "Anglian Avengers"]
[WhiteFideId "416860"]
[BlackFideId "418811"]
[EventDate "2011.11.12"]

1. e4 e5 2. Nf3 Nc6 3. Bb5 a6 4. Ba4 Bc5 5. c3 Nf6 6. O-O b5 7. Bb3 d6 8. d4 Bb6
9. a4 Rb8 10. axb5 axb5 11. h3 O-O 12. Re1 Re8 13. Bg5 h6 14. Bh4 exd4 15. cxd4
g5 16. e5 gxh4 17. exf6 Rxe1+ 18. Qxe1 Nxd4 19. Nxd4 Bxd4 20. Nc3 Qxf6 21. Nd5
Qg5 22. Qe8+ Kg7 23. Ne7 Be6 24. Qxb8 Qxe7 25. Bxe6 fxe6 26. Ra8 Kg6 27. Qxb5
Qf6 28. Qe2 Qf5 29. Ra1 e5 30. Rd1 Bb6 31. Rd3 Bxf2+ 32. Kh1 e4 33. Rc3 Bb6 34.
Rc4 d5 35. Rc6+ Kh7 36. Rc1 d4 37. Rf1 d3 38. Qe1 Qe6 39. Qxh4 Bd4 40. Qh5 e3
41. Qf3 Qg6 42. Qd5 e2 43. Rf7+ Bg7 44. Re7 c5 45. b3 h5 46. g4 hxg4 47. hxg4
Kh6 48. Re6 Bf6 49. Kh2 Qg5 50. Qxd3 Qe5+ 51. Rxe5 Bxe5+ 52. Kh3 e1=Q 53. Kg2
Bf4 54. Qc4 Qg3+ 55. Kf1 Qf3+ 56. Ke1 Bg3+ 57. Kd2 Qf4+ 58. Kd3 Qf1+ 59. Kc3
Be5+ 0-1

[Event "4NCL 2011-12"]
[Site "Sunningdale ENG"]
[Date "2012.02.11"]
[Round "5.45"]
[White "Gray, Mark S"]
[Black "Almond, Richard J"]
[Result "1-0"]
[WhiteElo "2090"]
[BlackElo "2115"]
[WhiteTeam "Anglian Avengers"]
[BlackTeam "e2e4.org.uk"]
[WhiteFideId "414964"]
[BlackFideId "404179"]
[EventDate "2011.11.12"]

1. e4 d5 2. exd5 Qxd5 3. Nf3 Bg4 4. Be2 Nc6 5. d4 O-O-O 6. Be3 e5 7. c4 Qa5+ 8.
Bd2 Bb4 9. d5 Bxf3 10. Bxf3 Nd4 11. Nc3 Qa6 12. Be2 Nf6 13. a3 Rhe8 14. Rc1 Bxc3
15. Bxc3 Nxe2 16. Qxe2 Kb8 17. Rc2 Ka8 18. O-O c6 19. dxc6 Qxc6 20. b4 Qe4 21.
Re1 Qf5 22. Rd2 Rxd2 23. Qxd2 e4 24. f3 Rc8 25. Bxf6 Qxf6 26. Rxe4 Rd8 27. Qe3
Qc6 28. b5 Qd7 29. Re7 Qd1+ 30. Kf2 Qc2+ 31. Qe2 Qf5 32. Qe4 Qc5+ 33. Kf1 Rb8
34. Re8 f5 35. Qe5 Qxe5 36. Rxe5 g6 37. Re7 Rh8 38. Ke2 Kb8 39. Kd3 Kc8 40. c5
h6 41. Re6 g5 42. Kd4 f4 43. Ke5 Rd8 44. Rxh6 Rd2 45. g3 Rc2 46. c6 Re2+ 47. Kf5
bxc6 48. Rxc6+ Kb7 49. gxf4 gxf4 50. h4 a5 51. Kxf4 Ra2 52. Rc3 Kb6 53. h5 Kxb5
54. h6 Rh2 55. Kg5 Rh3 56. Kg6 Rg3+ 57. Kf7 Rh3 58. Kg7 Rg3+ 59. Kh8 Ka4 60. h7
Rh3 61. Rc5 Rg3 62. f4 Rg4 63. Rg5 Rxf4 64. Kg7 1-0

[Event "4NCL 2011-12"]
[Site "Sunningdale ENG"]
[Date "2012.02.11"]
[Round "5.46"]
[White "Josse, Mark"]
[Black "Gregory, Stephen J"]
[Result "0-1"]
[WhiteElo "2162"]
[BlackElo "2124"]
[WhiteTeam "e2e4.org.uk"]
[BlackTeam "Anglian Avengers"]
[WhiteFideId "414476"]
[BlackFideId "410837"]
[EventDate "2011.11.12"]

1. e4 d6 2. d4 Nf6 3. Nc3 g6 4. Be3 a6 5. Qd2 b5 6. Bd3 Bb7 7. f3 e5 8. dxe5
dxe5 9. a4 b4 10. Nd1 Nc6 11. Ne2 Be7 12. Bh6 Qd6 13. Ne3 O-O-O 14. Rd1 Na5 15.
Nc1 Rd7 16. b3 Qb6 17. Qe2 Nh5 18. Nd5 Bxd5 19. exd5 Kb7 20. Be3 Qd6 21. O-O f5
22. c4 Nf4 23. Qc2 c5 24. dxc6+ Qxc6 25. Be2 Rhd8 26. Rxd7+ Rxd7 27. Rd1 Rxd1+
28. Qxd1 Bc5 29. Qd2 Ne6 30. Kf1 Kc7 31. Bxc5 Qxc5 32. Qh6 Qe7 33. Qe3 Nd4 34.
f4 Nac6 35. fxe5 Qxe5 36. Qh6 Qe7 37. Qf4+ Qe5 38. Qh6 Kb6 39. Qxh7 Qf4+ 40. Bf3
Qxc1+ 41. Kf2 Qd2+ 42. Kg3 Qe1+ 43. Kf4 Ne6# 0-1

[Event "4NCL 2011-12"]
[Site "Sunningdale ENG"]
[Date "2012.02.11"]
[Round "5.47"]
[White "Tozer, Philip A A"]
[Black "Sugden, John N"]
[Result "1-0"]
[WhiteElo "2159"]
[BlackElo "2180"]
[WhiteTeam "Anglian Avengers"]
[BlackTeam "e2e4.org.uk"]
[WhiteFideId "419982"]
[BlackFideId "402001"]
[EventDate "2011.11.12"]

1. c4 e5 2. g3 Nc6 3. Bg2 g6 4. Nc3 Bg7 5. e4 d6 6. Nge2 Nge7 7. O-O O-O 8. d3
Be6 9. Be3 Qd7 10. Qd2 f5 11. Nd5 Rf7 12. f4 Raf8 13. Rad1 Nc8 14. exf5 Bxf5 15.
d4 exd4 16. Nxd4 Nxd4 17. Bxd4 c6 18. Nc3 Re8 19. Qf2 Bxd4 20. Rxd4 Qc7 21. h3
h5 22. Re1 Rxe1+ 23. Qxe1 Qe7 24. Qf2 Qf6 25. Rd2 Re7 26. Kh2 Qe6 27. Nd5 Rg7
28. Re2 Qf7 29. Qd4 Be6 30. Nf6+ Kf8 31. Ne4 Bf5 32. Nxd6 1-0

[Event "4NCL 2011-12"]
[Site "Sunningdale ENG"]
[Date "2012.02.11"]
[Round "5.48"]
[White "Norinkeviciute, Rasa"]
[Black "Smith, Olivia"]
[Result "1-0"]
[WhiteTitle "WFM"]
[BlackTitle "WFM"]
[WhiteElo "1996"]
[BlackElo "2010"]
[WhiteTeam "e2e4.org.uk"]
[BlackTeam "Anglian Avengers"]
[WhiteFideId "12801925"]
[BlackFideId "411850"]
[EventDate "2011.11.12"]

1. c4 Nf6 2. g3 g6 3. Bg2 Bg7 4. Nc3 O-O 5. d3 d6 6. e4 e5 7. Nge2 Nc6 8. O-O
Be6 9. Nd5 Nh5 10. Be3 Qd7 11. Qd2 Nd8 12. Bh6 c6 13. Bxg7 Kxg7 14. Ne3 f5 15.
exf5 gxf5 16. f4 Nf7 17. d4 exf4 18. Nxf4 Nxf4 19. Rxf4 d5 20. cxd5 cxd5 21.
Raf1 Ng5 22. Qf2 Ne4 23. Bxe4 dxe4 24. d5 Bxd5 25. Rd1 Qc6 26. Nxd5 Rad8 27.
Qd4+ Kh6 28. Rh4+ Kg5 29. Qg7+ 1-0

[Event "4NCL 2011-12"]
[Site "Sunningdale ENG"]
[Date "2012.02.11"]
[Round "5.51"]
[White "Shanmugam, Ravindran"]
[Black "Jones, Gawain C B"]
[Result "0-1"]
[WhiteTitle "FM"]
[BlackTitle "GM"]
[WhiteElo "2386"]
[BlackElo "2635"]
[WhiteTeam "Oxford"]
[BlackTeam "White Rose"]
[WhiteFideId "5801770"]
[BlackFideId "409561"]
[EventDate "2011.11.12"]

1. e4 c5 2. d3 Nc6 3. g3 Nf6 4. Bg2 d5 5. exd5 Nxd5 6. Nc3 Nxc3 7. bxc3 g6 8.
Ne2 Bg7 9. O-O Bg4 10. Rb1 Qd7 11. Be3 b6 12. d4 Rc8 13. Re1 cxd4 14. cxd4 O-O
15. c4 e5 16. dxe5 Qxd1 17. Rbxd1 Nxe5 18. h3 Bf3 19. Bd4 Bxg2 20. Kxg2 Rxc4 21.
Nf4 Nf3 22. Kxf3 Bxd4 23. Re4 Rc3+ 24. Kg2 Bc5 25. Rd7 b5 26. Rc7 Rd8 27. Ne2
Rc2 28. Re5 Bd6 29. Rxc2 Bxe5 30. Rc5 Bf6 31. Rxb5 Rd2 32. Nc1 Rc2 33. Rb1 Bd4
34. Nd3 Rxa2 35. Kf3 Kg7 36. Rb7 Bb6 37. h4 Rc2 38. Ke4 Rc7 39. Rb8 Rd7 40. Ne5
Re7 0-1

[Event "4NCL 2011-12"]
[Site "Sunningdale ENG"]
[Date "2012.02.11"]
[Round "5.52"]
[White "Wells, Peter K"]
[Black "Savage, Ben D M"]
[Result "1-0"]
[WhiteTitle "GM"]
[BlackTitle "FM"]
[WhiteElo "2492"]
[BlackElo "2262"]
[WhiteTeam "White Rose"]
[BlackTeam "Oxford"]
[WhiteFideId "400327"]
[BlackFideId "405914"]
[EventDate "2011.11.12"]

1. e4 e5 2. Nf3 Nc6 3. Bb5 a6 4. Ba4 Nf6 5. O-O Be7 6. Bxc6 dxc6 7. d3 Nd7 8. b3
c5 9. Bb2 f6 10. Nh4 Nf8 11. Nd2 Be6 12. Nf5 g6 13. Nxe7 Qxe7 14. f4 exf4 15.
Rxf4 Nd7 16. Qe2 O-O 17. Raf1 Rf7 18. g4 Raf8 19. Qg2 Qd6 20. g5 fxg5 21. Rxf7
Rxf7 22. Rxf7 Kxf7 23. Qxg5 Ke8 24. Nf3 Qf8 25. Kf2 Qe7 26. Qf4 Qd6 27. Qh6 Bg8
28. Ke3 Qf8 29. Qg5 Qe7 30. Qf4 Qd6 31. Qh6 Qf8 32. Bg7 Qe7 33. h4 Qe6 34. Bb2
Qd6 35. Qg7 Qf8 36. Qh8 Kd8 37. Ng5 h5 38. Bg7 Qe8 39. Bf6+ Kc8 40. Qg7 b6 41.
Be7 Nb8 42. Bf8 Be6 43. Qe5 Bd7 44. Qxe8+ Bxe8 45. c3 Nc6 46. d4 cxd4+ 47. cxd4
Kd7 48. e5 Nd8 49. d5 Bf7 50. e6+ Ke8 51. exf7+ Kxf8 52. Ne6+ Nxe6 53. dxe6 c5
54. Ke4 b5 55. Kd5 c4 56. bxc4 bxc4 57. Kd6 1-0

[Event "4NCL 2011-12"]
[Site "Sunningdale ENG"]
[Date "2012.02.11"]
[Round "5.53"]
[White "Eckersley-Waites, Tom"]
[Black "Palliser, Richard J D"]
[Result "0-1"]
[BlackTitle "IM"]
[WhiteElo "2276"]
[BlackElo "2447"]
[WhiteTeam "Oxford"]
[BlackTeam "White Rose"]
[WhiteFideId "412449"]
[BlackFideId "407372"]
[EventDate "2011.11.12"]

1. e4 c6 2. d4 d5 3. e5 Bf5 4. Nc3 e6 5. g4 Bg6 6. Nge2 c5 7. h4 h5 8. Nf4 Bh7
9. Nxh5 Nc6 10. dxc5 Bxc5 11. Na4 Be7 12. Rh3 Qa5+ 13. c3 b5 14. Qf3 Qxa4 15.
Nxg7+ Kd7 16. b3 Qe4+ 17. Qxe4 Bxe4 18. f3 Rh7 19. fxe4 Rxg7 20. exd5 exd5 21.
g5 a6 22. Bf4 Ba3 23. Rd3 Nge7 24. Bh3+ Ke8 25. h5 Nd8 26. Ke2 Ne6 27. Bxe6 fxe6
28. Rh1 Kd7 29. Rg3 Rf8 30. Rg4 Rh7 31. Rh2 Rfh8 32. g6 Rxh5 33. Rxh5 Rxh5 34.
g7 Ng8 35. b4 d4 36. Kd2 Bb2 37. cxd4 Bxd4 38. a4 bxa4 39. Kc2 Bxe5 40. Bxe5
Rxe5 41. Kb2 Re3 42. Rf4 Rg3 43. Rf7+ Kc6 0-1

[Event "4NCL 2011-12"]
[Site "Sunningdale ENG"]
[Date "2012.02.11"]
[Round "5.55"]
[White "White, Michael J R"]
[Black "Croad, Nicolas"]
[Result "1-0"]
[WhiteTitle "FM"]
[BlackTitle "FM"]
[WhiteElo "2214"]
[BlackElo "2292"]
[WhiteTeam "Oxford"]
[BlackTeam "White Rose"]
[WhiteFideId "407380"]
[BlackFideId "4300793"]
[EventDate "2011.11.12"]

1. e4 c5 2. Nf3 d6 3. d4 cxd4 4. Nxd4 Nf6 5. Nc3 Nc6 6. Bg5 e6 7. Qd2 Bd7 8.
Ndb5 Qa5 9. Bxf6 gxf6 10. Nxd6+ Bxd6 11. Qxd6 Rd8 12. Qd2 Rg8 13. f4 Nb4 14. Bd3
Ba4 15. O-O Nxc2 16. Qe2 Nxa1 17. Nxa4 Rxd3 18. Qxd3 Qxa4 19. Rxa1 Ke7 20. Rd1
Rc8 21. f5 e5 22. h3 Qc6 23. Kh2 a6 24. Qa3+ Qc5 25. Qd3 Qc6 26. b4 Ke8 27. Qe3
Rd8 28. Rc1 Qd6 29. Rc5 Qd2 30. Qg3 Ke7 31. b5 Qd3 32. Rc7+ Kf8 33. Qh4 Kg7 34.
Qg4+ Kh8 35. Rxf7 Rg8 36. Qh4 Rg7 37. Rf8+ 1-0

[Event "4NCL 2011-12"]
[Site "Sunningdale ENG"]
[Date "2012.02.11"]
[Round "5.56"]
[White "Gourlay, Iain"]
[Black "Dickinson, Tim R"]
[Result "1-0"]
[WhiteTitle "FM"]
[WhiteElo "2351"]
[BlackElo "2152"]
[WhiteTeam "White Rose"]
[BlackTeam "Oxford"]
[WhiteFideId "2401533"]
[BlackFideId "405728"]
[EventDate "2011.11.12"]

1. Nf3 Nf6 2. g3 g6 3. b4 Bg7 4. Bb2 O-O 5. Bg2 d6 6. O-O c6 7. c4 a5 8. b5 cxb5
9. cxb5 Nbd7 10. Na3 Nb6 11. Rc1 Be6 12. Qc2 Rc8 13. Qb1 Nfd5 14. Bxg7 Kxg7 15.
Qb2+ Kg8 16. Ng5 Qd7 17. Qd4 Rxc1 18. Rxc1 Rc8 19. Re1 Rc5 20. e4 Nc7 21. e5
Bxa2 22. Qh4 h5 23. exd6 Qxd6 24. Ne4 Qe6 25. Ra1 Re5 26. d4 Rd5 27. Rxa2 Rxd4
28. Re2 Ra4 29. Nc3 Rxa3 30. Rxe6 Nxe6 31. Ne2 Ra2 32. Qe4 a4 33. Nc3 Ra1+ 34.
Bf1 a3 35. Qxb7 Nc4 36. Qc8+ 1-0

[Event "4NCL 2011-12"]
[Site "Sunningdale ENG"]
[Date "2012.02.11"]
[Round "5.57"]
[White "Coleman, James"]
[Black "Adair, James R"]
[Result "1-0"]
[WhiteElo "2142"]
[BlackElo "2247"]
[WhiteTeam "Oxford"]
[BlackTeam "White Rose"]
[WhiteFideId "407216"]
[BlackFideId "406252"]
[EventDate "2011.11.12"]

1. e4 c5 2. Nc3 a6 3. f4 b5 4. g3 Bb7 5. Bg2 e6 6. d3 d5 7. e5 h5 8. Nf3 Nh6 9.
O-O Nc6 10. d4 cxd4 11. Ne2 Bc5 12. Kh1 Nf5 13. Bh3 Ne3 14. Bxe3 dxe3 15. f5
exf5 16. Bxf5 d4 17. Be4 Qe7 18. Kg1 O-O-O 19. a4 Kb8 20. axb5 axb5 21. Qd3 f5
22. exf6 gxf6 23. Qxb5 Qxe4 24. Qxc5 Rd5 25. Qb6 Rf5 26. Nf4 Rg8 27. Qb3 Ne7 28.
Ne6 e2 29. Ra8+ Kxa8 30. Qa3+ Ba6 31. Qxa6+ Kb8 32. Qd6+ Kb7 33. Qc7+ Ka6 34.
Ra1+ Kb5 35. Ra5+ Kb4 36. Qb6+ 1-0